<?xml version="1.0" encoding="UTF-8"?>
<record
    xmlns:xsi="http://www.w3.org/2001/XMLSchema-instance"
    xsi:schemaLocation="http://www.loc.gov/MARC21/slim http://www.loc.gov/standards/marcxml/schema/MARC21slim.xsd"
    xmlns="http://www.loc.gov/MARC21/slim">

  <leader>00768nam a22002177a 4500</leader>
  <controlfield tag="005">20150729153919.0</controlfield>
  <controlfield tag="008">140714b        xxu||||| |||| 00| 0 Urdu d</controlfield>
  <datafield tag="010" ind1=" " ind2=" ">
    <subfield code="a">UR-9259</subfield>
  </datafield>
  <datafield tag="020" ind1="q" ind2=" ">
    <subfield code="c">300.00</subfield>
    <subfield code="a">9788192338114</subfield>
  </datafield>
  <datafield tag="035" ind1=" " ind2=" ">
    <subfield code="a">U-7814</subfield>
  </datafield>
  <datafield tag="037" ind1=" " ind2=" ">
    <subfield code="b">DBAD/Pub.</subfield>
  </datafield>
  <datafield tag="040" ind1=" " ind2=" ">
    <subfield code="a">DPL</subfield>
    <subfield code="b">Urdu</subfield>
  </datafield>
  <datafield tag="082" ind1=" " ind2=" ">
    <subfield code="a"> 840.08</subfield>
  </datafield>
  <datafield tag="100" ind1=" " ind2=" ">
    <subfield code="a">&#x645;&#x646;&#x627; &#x638;&#x631; &#x639;&#x627; &#x634;&#x642; &#x6C1;&#x631; &#x6AF;&#x627; &#x646;&#x648; &#x6CC;</subfield>
  </datafield>
  <datafield tag="245" ind1=" " ind2=" ">
    <subfield code="a">&#x639;&#x644;&#x64A;&#x645; &#x635;&#x628;&#x627; &#x646;&#x648; &#x64A;&#x62F; &#x6CC;&#x6C1;&#x645;&#x6C1; &#x62C;&#x6C1;&#x62A; &#x641;&#x646;&#x6A9;&#x627; &#x631;</subfield>
    <subfield code="c">&#x645;&#x646;&#x627; &#x638;&#x631; &#x639;&#x627; &#x634;&#x642; &#x6C1;&#x631; &#x6AF;&#x627; &#x646;&#x648; &#x6CC;</subfield>
  </datafield>
  <datafield tag="246" ind1=" " ind2=" ">
    <subfield code="a">Aleem Saba Navedi Hama Jehat Funkar</subfield>
    <subfield code="b">Manazir Ashique Harganvi</subfield>
  </datafield>
  <datafield tag="260" ind1=" " ind2=" ">
    <subfield code="a">Chenai</subfield>
    <subfield code="c">2014</subfield>
    <subfield code="b">Tamil Nadu Urdu Publication</subfield>
  </datafield>
  <datafield tag="270" ind1=" " ind2=" ">
    <subfield code="a">Bikhan Pur-3,Bhagal Pur</subfield>
    <subfield code="b">Bihar</subfield>
    <subfield code="e">812001</subfield>
    <subfield code="k">09430966156</subfield>
  </datafield>
  <datafield tag="300" ind1=" " ind2=" ">
    <subfield code="a">88&#x635;</subfield>
    <subfield code="c">22Cm (Hb)</subfield>
  </datafield>
  <datafield tag="942" ind1=" " ind2=" ">
    <subfield code="2">ddc</subfield>
    <subfield code="c">UR</subfield>
    <subfield code="e"> </subfield>
    <subfield code="h">840.08</subfield>
    <subfield code="m">&#x645; &#x646; &#x627;</subfield>
  </datafield>
  <datafield tag="999" ind1=" " ind2=" ">
    <subfield code="c">95342</subfield>
    <subfield code="d">95342</subfield>
  </datafield>
  <datafield tag="952" ind1=" " ind2=" ">
    <subfield code="0">0</subfield>
    <subfield code="1">0</subfield>
    <subfield code="2">ddc</subfield>
    <subfield code="4">0</subfield>
    <subfield code="7">1</subfield>
    <subfield code="8">NFIC</subfield>
    <subfield code="a">DBAD</subfield>
    <subfield code="b">DBAD</subfield>
    <subfield code="d">2015-07-29</subfield>
    <subfield code="e">DBAD/Pub.</subfield>
    <subfield code="g">300.00</subfield>
    <subfield code="l">0</subfield>
    <subfield code="o">840.08 &#x645; &#x646; &#x627;</subfield>
    <subfield code="p">U-7814</subfield>
    <subfield code="r">2015-07-29 00:00:00</subfield>
    <subfield code="t">1</subfield>
    <subfield code="v">300.00</subfield>
    <subfield code="w">2015-07-29</subfield>
    <subfield code="y">UR</subfield>
  </datafield>
</record>
